000 nam a22 7a 4500
999 _c9659
_d9659
008 180206b ||||| |||| 00| 0 eng d
100 _aPant,R.etal.
_95780
245 _aModern Trend In Communicative English-7
260 _aNew Delhi
_bAngel
_c2007